000 00539nam a2200121Ia 4500
008 220615s9999||||xx |||||||||||||| ||und||
100 _aPineda, Victor Santiago
245 0 _aBuilding the Inclusive City
_bGovernance, Access, and the Urban Transformation of Dubai
546 _aEnglish[eng]
650 _aSocial sciences||Sociology, Urban||People with disabilities||Public policy||Social justice||Human rights||Ethnology—Middle East 
856 _uhttps://library.oapen.org/bitstream/20.500.12657/22843/1/1007318.pdf
942 _cEB
999 _c15205
_d15205